[Event "U12 Polish Youth Championship"]
[Site "chess24.com"]
[Date "2018.05.04"]
[Round "8"]
[White "Zalega, Maciej"]
[Black "Kozlowski, Michal"]
[Result "1/2-1/2"]
[Board "24"]
[WhiteElo "1309"]
[WhiteCountry "POL"]
[WhiteFideId "21858284"]
[WhiteEloChange "1"]
[BlackElo "1327"]
[BlackCountry "POL"]
[BlackFideId "21812144"]
[BlackEloChange "-1"]

1. e4 {[%clk 1:30:59]} e6 {[%clk 1:30:54]} 2. d4 {[%clk 1:31:14]} d5 {[%clk
1:30:58]} 3. Nc3 {[%clk 1:31:39]} dxe4 {[%clk 1:31:07]} 4. Nxe4 {[%clk 1:32:04]}
Bd7 {[%clk 1:31:24]} 5. Nf3 {[%clk 1:32:09]} Bc6 {[%clk 1:31:46]} 6. Bd3 {[%clk
1:32:02]} Nd7 {[%clk 1:31:44]} 7. Qe2 {[%clk 1:28:56]} a6 {[%clk 1:30:58]} 8. c3
{[%clk 1:25:14]} Ngf6 {[%clk 1:28:40]} 9. Bg5 {[%clk 1:21:19]} Be7 {[%clk
1:28:30]} 10. O-O-O {[%clk 1:19:40]} h6 {[%clk 1:24:12]} 11. Bxf6 {[%clk
1:18:36]} Nxf6 {[%clk 1:23:16]} 12. Nxf6+ {[%clk 1:17:27]} Bxf6 {[%clk 1:23:25]}
13. Kb1 {[%clk 1:16:02]} b5 {[%clk 1:01:54]} 14. Be4 {[%clk 1:09:46]} Bxe4+
{[%clk 1:01:46]} 15. Qxe4 {[%clk 1:10:10]} Qd5 {[%clk 1:01:55]} 16. Qxd5 {[%clk
1:10:01]} exd5 {[%clk 1:02:18]} 17. Rhe1+ {[%clk 1:09:41]} Kd7 {[%clk 1:02:12]}
18. Nd2 {[%clk 1:09:39]} Rhe8 {[%clk 1:01:54]} 19. Nb3 {[%clk 1:09:35]} Be7
{[%clk 0:58:56]} 20. Na5 {[%clk 1:00:35]} g6 {[%clk 0:45:49]} 21. g3 {[%clk
0:53:59]} Bd6 {[%clk 0:28:53]} 22. b4 {[%clk 0:49:41]} c6 {[%clk 0:21:48]} 23.
Kb2 {[%clk 0:46:38]} Bc7 {[%clk 0:20:08]} 24. Nb7 {[%clk 0:45:30]} Bb6 {[%clk
0:19:44]} 25. Kb3 {[%clk 0:38:50]} a5 {[%clk 0:09:58]} 26. bxa5 {[%clk 0:37:53]}
Bxa5 {[%clk 0:10:10]} 27. Rxe8 {[%clk 0:37:48]} Kxe8 {[%clk 0:10:14]} 28. Re1+
{[%clk 0:38:05]} Kd7 {[%clk 0:09:20]} 29. Nc5+ {[%clk 0:36:59]} Kd6 {[%clk
0:09:12]} 30. Nb7+ {[%clk 0:36:32]} Kd7 {[%clk 0:09:26]} 31. Nc5+ {[%clk
0:36:05]} Kd6 {[%clk 0:09:40]} 1/2-1/2

[Event "U12 Polish Youth Championship"]
[Site "chess24.com"]
[Date "2018.05.04"]
[Round "8"]
[White "Wydmanski, Szymon"]
[Black "Trochimczuk, Szymon"]
[Result "1-0"]
[Board "25"]
[WhiteElo "1361"]
[WhiteCountry "POL"]
[WhiteFideId "21866759"]
[WhiteEloChange "7"]
[BlackElo "1251"]
[BlackCountry "POL"]
[BlackFideId "21881260"]
[BlackEloChange "-7"]

1. e4 {[%clk 1:30:57]} c5 {[%clk 1:30:57]} 2. Nf3 {[%clk 1:31:22]} Nc6 {[%clk
1:31:22]} 3. d4 {[%clk 1:31:45]} cxd4 {[%clk 1:31:47]} 4. Nxd4 {[%clk 1:32:10]}
e5 {[%clk 1:32:11]} 5. Nb5 {[%clk 1:32:37]} d6 {[%clk 1:32:33]} 6. c4 {[%clk
1:32:48]} Be7 {[%clk 1:32:29]} 7. N1c3 {[%clk 1:32:58]} a6 {[%clk 1:32:46]} 8.
Na3 {[%clk 1:33:22]} Nf6 {[%clk 1:33:02]} 9. Bd3 {[%clk 1:32:33]} O-O {[%clk
1:33:09]} 10. O-O {[%clk 1:32:20]} Be6 {[%clk 1:32:40]} 11. Nc2 {[%clk 1:31:31]}
Nd7 {[%clk 1:28:55]} 12. Nd5 {[%clk 1:29:02]} Bxd5 {[%clk 1:27:08]} 13. cxd5
{[%clk 1:29:00]} Ncb8 {[%clk 1:27:13]} 14. Ne3 {[%clk 1:24:08]} Nc5 {[%clk
1:25:08]} 15. Bc2 {[%clk 1:22:53]} b5 {[%clk 1:20:50]} 16. Nf5 {[%clk 1:18:17]}
Kh8 {[%clk 1:08:55]} 17. Qg4 {[%clk 1:14:45]} Rg8 {[%clk 1:03:23]} 18. f4 {[%clk
1:10:59]} Nbd7 {[%clk 0:57:26]} 19. b4 {[%clk 1:08:15]} Nf6 {[%clk 0:52:05]} 20.
Qf3 {[%clk 1:04:39]} Ncd7 {[%clk 0:50:02]} 21. Bb2 {[%clk 1:01:49]} exf4 {[%clk
0:42:36]} 22. Qxf4 {[%clk 1:00:24]} Nh5 {[%clk 0:38:52]} 23. Nh6 {[%clk 0:54:23]}
Qb6+ {[%clk 0:33:12]} 24. Kh1 {[%clk 0:54:04]} Rgf8 {[%clk 0:31:22]} 25. Nxf7+
{[%clk 0:52:51]} Kg8 {[%clk 0:27:49]} 26. Nh6+ {[%clk 0:46:46]} gxh6 {[%clk
0:26:12]} 27. Qg4+ {[%clk 0:46:33]} Bg5 {[%clk 0:25:25]} 28. Qxd7 {[%clk
0:45:43]} Rae8 {[%clk 0:20:08]} 29. Rxf8+ {[%clk 0:44:36]} Rxf8 {[%clk 0:18:49]}
30. Qe6+ {[%clk 0:44:31]} Rf7 {[%clk 0:18:06]} 31. Qe8+ {[%clk 0:44:05]} Rf8
{[%clk 0:18:11]} 32. Qxh5 {[%clk 0:44:26]} Qf2 {[%clk 0:17:30]} 33. Qd1 {[%clk
0:44:28]} Rf7 {[%clk 0:15:00]} 34. Qd4 {[%clk 0:36:13]} Rf6 {[%clk 0:08:46]} 35.
Bd3 {[%clk 0:31:53]} Qh4 {[%clk 0:03:08]} 36. g3 {[%clk 0:20:56]} Qg4 {[%clk
0:00:43]} 37. Rf1 {[%clk 0:18:49]} Rxf1+ {[%clk 0:00:18]} 38. Bxf1 {[%clk
0:18:49]} Qf3+ {[%clk 0:00:18]} 39. Bg2 {[%clk 0:18:49]} 1-0

[Event "U12 Polish Youth Championship"]
[Site "chess24.com"]
[Date "2018.05.05"]
[Round "9"]
[White "Klimkowski, Jan"]
[Black "Chyzy, Jakub"]
[Result "1/2-1/2"]
[Board "1"]
[WhiteElo "1836"]
[WhiteCountry "POL"]
[WhiteFideId "21856222"]
[WhiteEloChange "6"]
[BlackElo "2071"]
[BlackCountry "POL"]
[BlackFideId "21806209"]
[BlackEloChange "-6"]

1. e4 {[%clk 1:30:57]} e5 {[%clk 1:30:54]} 2. Nf3 {[%clk 1:31:21]} Nc6 {[%clk
1:31:21]} 3. Bb5 {[%clk 1:31:37]} a6 {[%clk 1:31:47]} 4. Ba4 {[%clk 1:32:00]} Nf6
{[%clk 1:32:12]} 5. O-O {[%clk 1:31:59]} Be7 {[%clk 1:32:38]} 6. Re1 {[%clk
1:32:15]} b5 {[%clk 1:33:01]} 7. Bb3 {[%clk 1:32:38]} d6 {[%clk 1:33:26]} 8. c3
{[%clk 1:32:55]} O-O {[%clk 1:33:51]} 9. h3 {[%clk 1:33:17]} Na5 {[%clk 1:34:17]}
10. Bc2 {[%clk 1:33:37]} c5 {[%clk 1:34:42]} 11. d4 {[%clk 1:33:16]} Nd7 {[%clk
1:35:06]} 12. Nbd2 {[%clk 1:32:10]} exd4 {[%clk 1:35:26]} 13. cxd4 {[%clk
1:31:47]} Nc6 {[%clk 1:35:51]} 14. Nf1 {[%clk 1:30:41]} cxd4 {[%clk 1:35:53]} 15.
Nxd4 {[%clk 1:30:43]} Nxd4 {[%clk 1:36:18]} 16. Qxd4 {[%clk 1:31:02]} Ne5 {[%clk
1:36:41]} 17. Ne3 {[%clk 1:24:45]} Bxh3 {[%clk 1:35:03]} 18. Nd5 {[%clk 1:17:20]}
Be6 {[%clk 1:30:47]} 19. f4 {[%clk 1:14:18]} Nc6 {[%clk 1:17:17]} 20. Qd3 {[%clk
1:12:29]} g6 {[%clk 1:10:26]} 21. Bd2 {[%clk 1:06:41]} Rc8 {[%clk 0:59:17]} 22.
Bb3 {[%clk 1:00:04]} Bxd5 {[%clk 0:37:34]} 23. Bxd5 {[%clk 0:56:17]} Bf6 {[%clk
0:35:05]} 24. Rac1 {[%clk 0:50:45]} Bd4+ {[%clk 0:11:01]} 25. Kf1 {[%clk
0:47:10]} Qh4 {[%clk 0:11:06]} 26. Ke2 {[%clk 0:45:21]} Qf2+ {[%clk 0:08:39]} 27.
Kd1 {[%clk 0:45:12]} Nb4 {[%clk 0:07:08]} 28. Bxb4 {[%clk 0:44:35]} Rxc1+ {[%clk
0:07:31]} 29. Kxc1 {[%clk 0:44:26]} Qxb2+ {[%clk 0:07:58]} 30. Kd1 {[%clk
0:44:46]} Qxb4 {[%clk 0:08:19]} 31. Qb3 {[%clk 0:44:19]} Qxb3+ {[%clk 0:07:46]}
32. axb3 {[%clk 0:44:41]} Kg7 {[%clk 0:06:48]} 33. Re2 {[%clk 0:43:47]} Rc8
{[%clk 0:05:49]} 34. Ra2 {[%clk 0:43:25]} Be3 {[%clk 0:02:56]} 35. g3 {[%clk
0:41:41]} Rc3 {[%clk 0:02:24]} 36. Rxa6 {[%clk 0:40:40]} Bc5 {[%clk 0:02:25]} 37.
Rc6 {[%clk 0:39:32]} Rxg3 {[%clk 0:01:17]} 1/2-1/2

[Event "U12 Polish Youth Championship"]
[Site "chess24.com"]
[Date "2018.05.05"]
[Round "9"]
[White "Meers, Hubert"]
[Black "Karwacki, Piotr"]
[Result "1/2-1/2"]
[Board "2"]
[WhiteElo "1737"]
[WhiteCountry "POL"]
[WhiteFideId "21817014"]
[BlackElo "1720"]
[BlackCountry "POL"]
[BlackFideId "21852200"]

1. e4 {[%clk 1:30:59]} c5 {[%clk 1:30:48]} 2. Nf3 {[%clk 1:31:22]} d6 {[%clk
1:31:10]} 3. d4 {[%clk 1:31:35]} cxd4 {[%clk 1:31:32]} 4. Nxd4 {[%clk 1:31:53]}
Nf6 {[%clk 1:31:37]} 5. f3 {[%clk 1:31:43]} e5 {[%clk 1:31:35]} 6. Nb3 {[%clk
1:32:03]} Be6 {[%clk 1:31:20]} 7. c4 {[%clk 1:32:10]} Nbd7 {[%clk 1:31:06]} 8.
Be3 {[%clk 1:32:20]} Rc8 {[%clk 1:30:52]} 9. Na3 {[%clk 1:30:36]} a6 {[%clk
1:24:05]} 10. Be2 {[%clk 1:30:20]} Nh5 {[%clk 1:20:41]} 11. Qd2 {[%clk 1:29:07]}
Be7 {[%clk 1:20:11]} 12. O-O {[%clk 1:29:04]} g6 {[%clk 1:11:38]} 13. Rfd1 {[%clk
1:24:57]} g5 {[%clk 1:02:17]} 14. Na5 {[%clk 1:14:42]} Qc7 {[%clk 0:58:06]} 15.
b4 {[%clk 1:14:46]} b6 {[%clk 0:57:13]} 16. Nb3 {[%clk 1:15:00]} Nf4 {[%clk
0:57:02]} 17. Bf1 {[%clk 1:14:47]} g4 {[%clk 0:55:34]} 18. Bxf4 {[%clk 1:06:45]}
exf4 {[%clk 0:55:30]} 19. Nd4 {[%clk 1:06:47]} gxf3 {[%clk 0:48:30]} 20. Nxe6
{[%clk 1:06:09]} fxe6 {[%clk 0:48:41]} 21. Qxf4 {[%clk 0:57:28]} Bf6 {[%clk
0:42:05]} 22. Rab1 {[%clk 0:56:40]} fxg2 {[%clk 0:40:12]} 23. Bxg2 {[%clk
0:56:48]} Ke7 {[%clk 0:39:51]} 24. Rb3 {[%clk 0:47:30]} Rcf8 {[%clk 0:36:45]} 25.
Qd2 {[%clk 0:46:42]} Rhg8 {[%clk 0:36:20]} 26. Rh3 {[%clk 0:44:44]} Rg7 {[%clk
0:35:45]} 27. Kh1 {[%clk 0:43:52]} Rfg8 {[%clk 0:34:53]} 28. Bf3 {[%clk 0:40:32]}
b5 {[%clk 0:33:17]} 29. cxb5 {[%clk 0:33:10]} Qb6 {[%clk 0:32:01]} 30. Rg3 {[%clk
0:30:51]} Rxg3 {[%clk 0:32:17]} 31. hxg3 {[%clk 0:31:11]} Rxg3 {[%clk 0:32:14]}
32. Nc4 {[%clk 0:29:34]} Qb8 {[%clk 0:28:07]} 33. Bg2 {[%clk 0:28:07]} axb5
{[%clk 0:27:01]} 34. Qxd6+ {[%clk 0:28:06]} Qxd6 {[%clk 0:27:00]} 35. Nxd6 {[%clk
0:28:28]} Ne5 {[%clk 0:24:06]} 36. Nxb5 {[%clk 0:18:34]} Ng4 {[%clk 0:23:23]} 37.
Rf1 {[%clk 0:16:14]} Rd3 {[%clk 0:20:28]} 38. Rf3 {[%clk 0:13:36]} Rd1+ {[%clk
0:18:55]} 39. Rf1 {[%clk 0:06:58]} Rxf1+ {[%clk 0:17:02]} 1/2-1/2

[Event "U12 Polish Youth Championship"]
[Site "chess24.com"]
[Date "2018.05.05"]
[Round "9"]
[White "Trzebinski, Patryk"]
[Black "Fiszer, Bartosz"]
[Result "0-1"]
[Board "3"]
[WhiteElo "1628"]
[WhiteCountry "POL"]
[WhiteFideId "21839034"]
[WhiteEloChange "-2"]
[BlackElo "2004"]
[BlackTitle "CM"]
[BlackCountry "POL"]
[BlackFideId "21810133"]
[BlackEloChange "2"]

1. e4 {[%clk 1:30:56]} c5 {[%clk 1:30:57]} 2. Nf3 {[%clk 1:31:19]} Nc6 {[%clk
1:31:24]} 3. d4 {[%clk 1:31:20]} cxd4 {[%clk 1:31:49]} 4. Nxd4 {[%clk 1:31:43]}
Nf6 {[%clk 1:32:16]} 5. Nc3 {[%clk 1:31:52]} d6 {[%clk 1:32:41]} 6. Bg5 {[%clk
1:31:46]} e6 {[%clk 1:32:59]} 7. Be2 {[%clk 1:32:01]} Be7 {[%clk 1:30:06]} 8. O-O
{[%clk 1:32:14]} a6 {[%clk 1:25:52]} 9. Be3 {[%clk 1:32:00]} Nxd4 {[%clk
1:18:46]} 10. Qxd4 {[%clk 1:31:40]} O-O {[%clk 1:16:18]} 11. Rad1 {[%clk
1:27:44]} Qc7 {[%clk 0:57:22]} 12. Qb6 {[%clk 1:22:44]} Qxb6 {[%clk 0:57:12]} 13.
Bxb6 {[%clk 1:23:04]} Bd7 {[%clk 0:56:09]} 14. f4 {[%clk 1:03:58]} Bc6 {[%clk
0:47:05]} 15. Bf3 {[%clk 1:02:04]} Bd8 {[%clk 0:34:00]} 16. Be3 {[%clk 0:59:43]}
Bc7 {[%clk 0:34:31]} 17. Bd4 {[%clk 0:52:44]} Nd7 {[%clk 0:28:40]} 18. Bf2 {[%clk
0:34:30]} b5 {[%clk 0:27:21]} 19. Ne2 {[%clk 0:34:08]} Nf6 {[%clk 0:23:57]} 20.
Ng3 {[%clk 0:33:04]} a5 {[%clk 0:20:00]} 21. Bd4 {[%clk 0:31:41]} Nd7 {[%clk
0:19:34]} 22. f5 {[%clk 0:23:42]} e5 {[%clk 0:16:46]} 23. Be3 {[%clk 0:22:29]}
Nb6 {[%clk 0:14:29]} 24. b3 {[%clk 0:18:36]} Rfd8 {[%clk 0:12:55]} 25. Kh1 {[%clk
0:18:41]} Nd7 {[%clk 0:11:43]} 26. Ne2 {[%clk 0:17:15]} b4 {[%clk 0:10:36]} 27.
c4 {[%clk 0:16:21]} Nc5 {[%clk 0:10:47]} 28. Bxc5 {[%clk 0:16:16]} dxc5 {[%clk
0:11:07]} 29. g3 {[%clk 0:15:03]} a4 {[%clk 0:10:13]} 30. Nc1 {[%clk 0:14:29]}
axb3 {[%clk 0:09:00]} 31. axb3 {[%clk 0:14:21]} f6 {[%clk 0:03:01]} 32. Bg2
{[%clk 0:11:42]} Bb6 {[%clk 0:02:18]} 33. h3 {[%clk 0:09:14]} Kf7 {[%clk
0:02:31]} 34. g4 {[%clk 0:09:30]} Ke7 {[%clk 0:02:04]} 35. Kh2 {[%clk 0:07:52]}
Rd4 {[%clk 0:01:47]} 36. Ne2 {[%clk 0:07:16]} Rxd1 {[%clk 0:00:43]} 37. Rxd1
{[%clk 0:07:35]} Ra2 {[%clk 0:01:11]} 38. Re1 {[%clk 0:06:28]} g6 {[%clk
0:00:41]} 39. Nc1 {[%clk 0:04:31]} Rd2 {[%clk 0:00:58]} 40. Kg3 {[%clk 0:04:20]}
gxf5 {[%clk 0:01:03]} 41. gxf5 {[%clk 0:04:39]} Bc7 {[%clk 0:01:11]} 42. Bf3
{[%clk 0:03:19]} Bd6 {[%clk 0:01:29]} 43. Kh4 {[%clk 0:03:28]} Kd8 {[%clk
0:01:13]} 44. Rd1 {[%clk 0:02:46]} Rxd1 {[%clk 0:01:36]} 45. Bxd1 {[%clk
0:03:04]} Bxe4 {[%clk 0:02:04]} 46. Bg4 {[%clk 0:03:03]} Bf8 {[%clk 0:02:06]} 47.
Kh5 {[%clk 0:03:26]} Bc6 {[%clk 0:02:22]} 48. Nd3 {[%clk 0:03:17]} Be4 {[%clk
0:02:32]} 49. Nc1 {[%clk 0:03:33]} Kd7 {[%clk 0:02:47]} 50. Ne2 {[%clk 0:02:30]}
Kd6 {[%clk 0:02:52]} 51. Ng3 {[%clk 0:02:38]} Bc6 {[%clk 0:02:55]} 52. Bd1 {[%clk
0:02:08]} e4 {[%clk 0:02:59]} 53. Be2 {[%clk 0:02:18]} Ke5 {[%clk 0:03:20]} 54.
Bg4 {[%clk 0:02:13]} Be8+ {[%clk 0:02:52]} 55. Kh4 {[%clk 0:02:36]} Bh6 {[%clk
0:03:04]} 56. Bd1 {[%clk 0:02:56]} Be3 {[%clk 0:02:17]} 57. Bg4 {[%clk 0:03:03]}
Bg5# {[%clk 0:02:41]} 0-1

[Event "U12 Polish Youth Championship"]
[Site "chess24.com"]
[Date "2018.05.05"]
[Round "9"]
[White "Jeda, Maciej"]
[Black "Paprocki, Antoni"]
[Result "1-0"]
[Board "4"]
[WhiteElo "1751"]
[WhiteCountry "POL"]
[WhiteFideId "21857679"]
[WhiteEloChange "12"]
[BlackElo "1808"]
[BlackCountry "POL"]
[BlackFideId "21833745"]
[BlackEloChange "-12"]

1. e4 {[%clk 1:30:58]} c5 {[%clk 1:30:54]} 2. Nf3 {[%clk 1:31:24]} d6 {[%clk
1:31:10]} 3. d4 {[%clk 1:31:50]} cxd4 {[%clk 1:31:29]} 4. Nxd4 {[%clk 1:32:17]}
Nf6 {[%clk 1:31:52]} 5. Nc3 {[%clk 1:32:43]} a6 {[%clk 1:32:18]} 6. Bg5 {[%clk
1:33:07]} e6 {[%clk 1:32:12]} 7. Qd2 {[%clk 1:31:08]} h6 {[%clk 1:31:51]} 8. Bxf6
{[%clk 1:30:30]} Qxf6 {[%clk 1:32:08]} 9. O-O-O {[%clk 1:30:18]} Qd8 {[%clk
1:31:18]} 10. f4 {[%clk 1:29:18]} Be7 {[%clk 1:30:48]} 11. Kb1 {[%clk 1:28:48]}
Qc7 {[%clk 1:27:37]} 12. f5 {[%clk 1:25:55]} b5 {[%clk 1:17:54]} 13. a3 {[%clk
1:23:19]} Nc6 {[%clk 1:16:31]} 14. Nxc6 {[%clk 1:18:50]} Qxc6 {[%clk 1:16:52]}
15. Bd3 {[%clk 1:18:58]} Rb8 {[%clk 1:15:07]} 16. Ne2 {[%clk 1:16:45]} Bf6 {[%clk
1:12:06]} 17. g4 {[%clk 1:13:15]} Qc5 {[%clk 1:04:34]} 18. c3 {[%clk 1:05:14]} a5
{[%clk 0:59:53]} 19. h4 {[%clk 1:02:00]} b4 {[%clk 0:40:02]} 20. cxb4 {[%clk
1:00:54]} axb4 {[%clk 0:40:21]} 21. Rc1 {[%clk 1:00:50]} Qf2 {[%clk 0:29:51]} 22.
axb4 {[%clk 1:00:03]} Bd7 {[%clk 0:26:31]} 23. fxe6 {[%clk 0:32:48]} Bxe6 {[%clk
0:24:04]} 24. Bc4 {[%clk 0:31:38]} Bxg4 {[%clk 0:19:31]} 25. Qxd6 {[%clk
0:30:16]} Rd8 {[%clk 0:18:43]} 26. Bb5+ {[%clk 0:25:34]} Bd7 {[%clk 0:18:33]} 27.
Bxd7+ {[%clk 0:25:30]} Rxd7 {[%clk 0:18:58]} 28. Rc8+ {[%clk 0:25:11]} Bd8 {[%clk
0:18:51]} 29. Qe5+ {[%clk 0:23:08]} Kf8 {[%clk 0:19:04]} 30. Qc5+ {[%clk
0:21:33]} Qxc5 {[%clk 0:19:28]} 31. bxc5 {[%clk 0:21:59]} Ke7 {[%clk 0:18:35]}
32. Nc3 {[%clk 0:20:18]} Rc7 {[%clk 0:13:56]} 33. Nd5+ {[%clk 0:17:47]} Kd7
{[%clk 0:14:22]} 34. Rxc7+ {[%clk 0:17:36]} Bxc7 {[%clk 0:14:45]} 35. Nxc7 {[%clk
0:13:20]} Kxc7 {[%clk 0:15:09]} 36. Rf1 {[%clk 0:12:01]} f6 {[%clk 0:15:28]} 37.
Rg1 {[%clk 0:11:59]} g5 {[%clk 0:15:01]} 38. hxg5 {[%clk 0:12:24]} fxg5 {[%clk
0:15:02]} 39. Kc2 {[%clk 0:12:12]} Kc6 {[%clk 0:14:30]} 40. b4 {[%clk 0:12:04]}
Kb5 {[%clk 0:14:06]} 41. Kc3 {[%clk 0:10:08]} Rf8 {[%clk 0:14:16]} 42. e5 {[%clk
0:09:29]} Kc6 {[%clk 0:12:48]} 43. Rh1 {[%clk 0:07:55]} Kd5 {[%clk 0:12:24]} 44.
Rxh6 {[%clk 0:05:55]} Kxe5 {[%clk 0:12:28]} 45. Kc4 {[%clk 0:05:35]} g4 {[%clk
0:12:34]} 46. Rg6 {[%clk 0:05:23]} Kf4 {[%clk 0:12:56]} 47. c6 {[%clk 0:05:42]}
g3 {[%clk 0:13:06]} 48. b5 {[%clk 0:05:52]} Kf3 {[%clk 0:13:19]} 49. b6 {[%clk
0:06:05]} g2 {[%clk 0:13:42]} 50. b7 {[%clk 0:06:19]} Rf4+ {[%clk 0:13:11]} 51.
Kb5 {[%clk 0:06:34]} Rg4 {[%clk 0:13:06]} 52. Rxg4 {[%clk 0:06:55]} Kxg4 {[%clk
0:13:32]} 53. b8Q {[%clk 0:07:17]} g1Q {[%clk 0:13:51]} 54. Qg8+ {[%clk 0:07:43]}
Kh3 {[%clk 0:13:55]} 55. Qxg1 {[%clk 0:08:07]} Kh4 {[%clk 0:14:12]} 56. c7 {[%clk
0:08:31]} Kh5 {[%clk 0:14:23]} 57. c8Q {[%clk 0:08:51]} 1-0

[Event "U12 Polish Youth Championship"]
[Site "chess24.com"]
[Date "2018.05.05"]
[Round "9"]
[White "Dziewonski, Dariusz"]
[Black "Bancarewicz, Aleks"]
[Result "1/2-1/2"]
[Board "5"]
[WhiteElo "1805"]
[WhiteCountry "POL"]
[WhiteFideId "21835829"]
[WhiteEloChange "-3"]
[BlackElo "1708"]
[BlackCountry "POL"]
[BlackFideId "21838550"]
[BlackEloChange "3"]

1. e4 {[%clk 1:30:51]} c5 {[%clk 1:30:56]} 2. Nf3 {[%clk 1:31:15]} d6 {[%clk
1:31:15]} 3. d4 {[%clk 1:31:38]} cxd4 {[%clk 1:31:32]} 4. Nxd4 {[%clk 1:32:03]}
Nf6 {[%clk 1:31:47]} 5. Nc3 {[%clk 1:32:28]} e5 {[%clk 1:32:09]} 6. Nf3 {[%clk
1:29:06]} a6 {[%clk 1:26:29]} 7. Bg5 {[%clk 1:26:14]} Be7 {[%clk 1:22:02]} 8.
Bxf6 {[%clk 1:24:35]} Bxf6 {[%clk 1:21:31]} 9. Nd5 {[%clk 1:24:05]} Be7 {[%clk
1:13:57]} 10. Bd3 {[%clk 1:19:00]} Be6 {[%clk 1:13:09]} 11. c4 {[%clk 1:15:40]}
Nd7 {[%clk 1:07:55]} 12. O-O {[%clk 1:12:48]} O-O {[%clk 1:05:44]} 13. Rc1 {[%clk
1:06:23]} Bxd5 {[%clk 0:59:07]} 14. cxd5 {[%clk 1:06:04]} Qb6 {[%clk 0:53:16]}
15. Qd2 {[%clk 1:00:43]} Nc5 {[%clk 0:45:16]} 16. b4 {[%clk 0:55:59]} Nxd3 {[%clk
0:42:31]} 17. Qxd3 {[%clk 0:56:21]} a5 {[%clk 0:34:29]} 18. bxa5 {[%clk 0:50:31]}
Rxa5 {[%clk 0:31:58]} 19. Qc4 {[%clk 0:44:13]} Rc5 {[%clk 0:25:17]} 20. Qa4
{[%clk 0:40:53]} Rfc8 {[%clk 0:22:32]} 21. Rxc5 {[%clk 0:35:35]} Qxc5 {[%clk
0:20:02]} 22. h3 {[%clk 0:32:44]} b5 {[%clk 0:10:54]} 23. Qb3 {[%clk 0:29:58]}
Qc4 {[%clk 0:07:56]} 24. Rb1 {[%clk 0:19:39]} Qxb3 {[%clk 0:06:25]} 25. Rxb3
{[%clk 0:19:28]} Rc1+ {[%clk 0:02:49]} 26. Kh2 {[%clk 0:19:54]} Rc2 {[%clk
0:01:47]} 27. Rxb5 {[%clk 0:15:56]} Rxa2 {[%clk 0:02:06]} 28. Rb7 {[%clk
0:15:34]} Bf8 {[%clk 0:02:23]} 29. Kg3 {[%clk 0:14:52]} h6 {[%clk 0:02:24]} 30.
Nh2 {[%clk 0:11:35]} Ra3+ {[%clk 0:01:03]} 31. f3 {[%clk 0:11:28]} g6 {[%clk
0:00:53]} 32. Nf1 {[%clk 0:08:48]} Rd3 {[%clk 0:00:39]} 33. Kf2 {[%clk 0:08:31]}
h5 {[%clk 0:00:43]} 34. Ke2 {[%clk 0:08:26]} Ra3 {[%clk 0:01:02]} 35. Nd2 {[%clk
0:08:01]} Ra2 {[%clk 0:00:52]} 36. Rb8 {[%clk 0:06:55]} Kg7 {[%clk 0:01:00]} 37.
Rb7 {[%clk 0:05:44]} Kf6 {[%clk 0:00:58]} 38. Kd3 {[%clk 0:04:42]} 1/2-1/2

[Event "U12 Polish Youth Championship"]
[Site "chess24.com"]
[Date "2018.05.05"]
[Round "9"]
[White "Wieczorek, Mikolaj"]
[Black "Nowak, Filip"]
[Result "0-1"]
[Board "6"]
[WhiteElo "1761"]
[WhiteCountry "POL"]
[WhiteFideId "21827702"]
[WhiteEloChange "-17"]
[BlackElo "1475"]
[BlackCountry "POL"]
[BlackFideId "21817030"]
[BlackEloChange "17"]

1. e4 {[%clk 1:30:54]} c5 {[%clk 1:30:34]} 2. Nf3 {[%clk 1:31:17]} e6 {[%clk
1:30:51]} 3. d4 {[%clk 1:31:41]} cxd4 {[%clk 1:31:02]} 4. Nxd4 {[%clk 1:32:06]}
Nf6 {[%clk 1:31:06]} 5. Nc3 {[%clk 1:32:32]} d6 {[%clk 1:31:26]} 6. Be3 {[%clk
1:32:57]} a6 {[%clk 1:31:13]} 7. Bc4 {[%clk 1:33:22]} Be7 {[%clk 1:25:21]} 8. Qe2
{[%clk 1:33:16]} Nc6 {[%clk 1:25:05]} 9. O-O-O {[%clk 1:32:05]} Nxd4 {[%clk
1:24:13]} 10. Bxd4 {[%clk 1:31:42]} b5 {[%clk 1:24:20]} 11. Bb3 {[%clk 1:31:40]}
Bb7 {[%clk 1:23:42]} 12. f3 {[%clk 1:31:18]} Rc8 {[%clk 1:23:15]} 13. g4 {[%clk
1:29:34]} O-O {[%clk 1:20:23]} 14. h4 {[%clk 1:23:18]} Nd7 {[%clk 1:14:33]} 15.
Kb1 {[%clk 1:22:53]} Nb6 {[%clk 1:14:20]} 16. h5 {[%clk 1:19:34]} Nc4 {[%clk
1:13:37]} 17. f4 {[%clk 1:10:29]} Qa5 {[%clk 1:10:04]} 18. Bxc4 {[%clk 0:58:30]}
bxc4 {[%clk 1:06:41]} 19. Qf2 {[%clk 0:56:52]} Qc7 {[%clk 0:54:12]} 20. Rhg1
{[%clk 0:52:21]} d5 {[%clk 0:50:13]} 21. g5 {[%clk 0:51:30]} dxe4 {[%clk
0:45:19]} 22. Rg4 {[%clk 0:34:18]} Bc5 {[%clk 0:39:51]} 23. Qf1 {[%clk 0:25:02]}
Bd5 {[%clk 0:33:17]} 24. Nxd5 {[%clk 0:16:41]} exd5 {[%clk 0:33:35]} 25. Be5
{[%clk 0:16:23]} Qc6 {[%clk 0:31:34]} 26. f5 {[%clk 0:16:09]} Rfe8 {[%clk
0:30:22]} 27. Bg3 {[%clk 0:14:43]} Bb6 {[%clk 0:28:00]} 28. g6 {[%clk 0:09:07]}
Bc7 {[%clk 0:18:49]} 29. Qg2 {[%clk 0:06:49]} fxg6 {[%clk 0:15:56]} 30. fxg6
{[%clk 0:04:46]} h6 {[%clk 0:16:11]} 31. Bf4 {[%clk 0:04:35]} Bd8 {[%clk
0:09:58]} 32. Qf2 {[%clk 0:03:28]} Bf6 {[%clk 0:10:04]} 33. Rf1 {[%clk 0:03:33]}
d4 {[%clk 0:09:19]} 34. Bxh6 {[%clk 0:02:38]} e3 {[%clk 0:08:44]} 35. Qe2 {[%clk
0:02:45]} gxh6 {[%clk 0:08:49]} 36. Rgf4 {[%clk 0:03:03]} d3 {[%clk 0:07:21]} 37.
cxd3 {[%clk 0:03:30]} cxd3 {[%clk 0:07:50]} 38. Qxd3 {[%clk 0:03:39]} e2 {[%clk
0:07:01]} 39. Qb3+ {[%clk 0:03:59]} Qe6 {[%clk 0:07:06]} 40. Re1 {[%clk 0:04:19]}
Qxb3 {[%clk 0:06:30]} 41. axb3 {[%clk 0:04:45]} Bg5 {[%clk 0:05:51]} 42. Rf2
{[%clk 0:04:56]} Rc1+ {[%clk 0:06:03]} 43. Rxc1 {[%clk 0:05:23]} Bxc1 {[%clk
0:06:32]} 44. Rxe2 {[%clk 0:05:33]} Rxe2 {[%clk 0:06:56]} 45. Kxc1 {[%clk
0:05:56]} Rh2 {[%clk 0:07:23]} 46. b4 {[%clk 0:05:54]} Rxh5 {[%clk 0:07:47]} 47.
Kc2 {[%clk 0:06:20]} Rb5 {[%clk 0:08:11]} 48. Kb3 {[%clk 0:06:46]} Kg7 {[%clk
0:08:37]} 49. Ka4 {[%clk 0:07:01]} Kxg6 {[%clk 0:08:53]} 50. b3 {[%clk 0:07:26]}
h5 {[%clk 0:09:15]} 0-1